000 00721nam a2200193Ii 4500
003 JO-AjNU
008 230606s9999||||xx |||||||||||||| ||und||
040 _aJO-AjNU
_beng
_erda
_cJO-AjNU
041 _aeng
050 1 4 _aTA663.A52.2015
100 3 _a ACI Committee 318,
_eauthor
_95023
245 0 0 _aBuilding code requirements for structural concrete (ACI 318M-08) and commentary
264 3 1 _a Farmington Hills, Mich: American Concrete Institute,2015
300 _a519p
336 _atext
_btxt
_2rdacontent
337 _aunmediated
_bn
_2rdamedia
338 _avolume
_bnc
_2rdacarrier
650 4 _aReinforced concrete -- Specifications -- Concrete construction -- Standards -- Building laws -- United States
_95024
999 _aE2597
_c2595
_d2595